Geografia Bliskiego Wschodu A-Z - Statystyki

Ogólne statystyki
  • Ten quiz został rozwiązany 21 razy
    20 od ostatniego zresetowania
  • Średni wynik to 19 z 23
Statystyki odpowiedzi
Litera Pytanie Odpowiedź % Poprawnych
A Jakie państwo graniczy z Iranem od wschodu? Afganistan
100%
C Nad jakim morzem leży Turcja od północy? Czarne
100%
G Jaki obszar Palestyny jest oddzielony przez Izrael i graniczy z Egiptem? Gaza
100%
L Jakie państwo graniczy z Egiptem od zachodu? Libia
100%
N Jaka rzeka jest najdłuższa w Egipcie a zarazem na całym świecie? Nil
100%
O Jakie zwierzę znajduje się na fladze Egiptu? Orzeł
100%
R Jakie miasto jest stolicą Arabii Saudyjskiej? Rijad
100%
Ś Nad jakim morzem leżą na przykład Cypr, Izrael czy Syria? Śródziemne
100%
T Wracając do pytania E, jaka inna rzeka była jedną z najdłuższych rzek Mezopotamii? Tygrys
100%
E Jaka rzeka była jedną z najdłuższych rzek Mezopotamii? Eufrat
94%
F Jakie państwo europejskie skolonizowało Syrię i Liban? Francja
94%
J Jaką religię wyznaje większość mieszkańców Izraela? Judaizm
94%
M Jakie morze leży pomiędzy Jordanią a Izraelem? Martwe
94%
D Jakie jest największe miasto w Zjednoczonych Emiratach Arabskich? Dubaj
89%
K Nad jakim morzem leży Iran od północy? Kaspijskie
89%
P Jaka zatoka leży pomiędzy Arabią Saudyjską a Iranem? Perska
89%
U Do jakiej organizacji międzynarodowej należy Cypr? Unia Europejska
89%
B Jakie miasto jest stolicą Libanu? Bejrut
78%
H Jaka grupa terrorystyczna zaatakowała Izrael dnia 7 października 2023 roku? Hamas
72%
Z Jakie dawne państwo wraz z Wielką Brytanią dokonało inwazji na Iran w 1941 roku? ZSRR
56%
I Jakie jest trzecie największe miasto w Turcji pod względem powierzchni? Izmir
50%
S Jaka jest największa wyspa Jemenu? Sokotra
22%
W Jaka eksklawa Omanu leży wewnątrz Zjednoczonych Emiratów Arabskich? Wadi Madha
0%
Nie znaleziono quizów pasujących do podanych kryteriów
Rozkład punktacji
Procent ludzi z każdym wynikiem
Percentyl według liczby udzielonych odpowiedzi
Twoja historia wyników
Nie rozwiązałeś tego quizu od ostatniego zresetowania